| 000 | 00438cam a22001457a 4500 | ||
|---|---|---|---|
| 008 | 180718b2006 xxu||||| |||| 00| 0 eng d | ||
| 020 | _a8187879610 | ||
| 082 | _aT39 P273 | ||
| 100 | _aPathak, Avijit | ||
| 245 |
_aModernity, globalization and identity: towards a reflexive quest _cby Avijit Pathak |
||
| 260 |
_aDelhi _bAakar Books _c2006 |
||
| 300 | _a175p. | ||
| 650 | _aEconomic development - Social aspects | ||
| 650 | _aGlobalization | ||
| 999 |
_c404932 _d404932 |
||